Statystyki dla Wszystkie utwory z płyty Yung Adisz - Amnezja

Kliknij tutaj aby rozwiązać quiz!

Ogólne statystyki

  • Ten quiz został rozwiązany 39 razy
  • Średni wynik to 8 z 12

Statystyki odpowiedzi

Nr.Nazwa% Poprawnych
3.ALKOHOLIK
85%
1.WEŹ TABLETKĘ
82%
5.MANEKIN
70%
11.OSZUKAJ PRZEZNACZENIE
70%
12.UWAŻAJ NA WIĘKSZYCH ZIOMÓW
70%
4.GŁÓWNY CEL TO PLIKI
67%
8.KRESKI
64%
6.OBSESJA
64%
9.NIE WYBRAŁEM TEGO LOSU
61%
2.PUŁAPKA
61%
7.KOCHAM CO SZKODZI MI
42%
10.SAM WYBIERASZ SWOJĄ ROLĘ
42%

Rozkład punktacji

Percentyl według liczby udzielonych odpowiedzi

Procent ludzi z każdym wynikiem

Twoja historia wyników

Nie rozwiązałeś tego quizu